Toleranz und christlicher glaude.

Sparad:
Bibliografiska uppgifter
Huvudupphov: Hartmann, Albert (autor)
Materialtyp: Bok
Språk:German
Ämnen:
Taggar: Lägg till en tagg
Inga taggar, Lägg till första taggen!

MARC

LEADER 00000cam^a2200000uu^4500
001 000475232
005 20250521000000.0
008 050901s1955^^^^^^^^^^^^rd^r^^000^0^ger^d
009 20260310124758.458
035 |a FCE 000018096 
035 |a FCE 020274 
037 |a Acervo ITESO - Biblioteca 
041 |a ALE 
082 0 4 |a 241.4  |b HARt 
100 |a Hartmann, Albert  |e (autor) 
245 1 0 |a Toleranz und christlicher glaude. 
264 |a Frankfurt :  |b Verlag Josef Knecht Carolusdruckerei,  |c 1955. 
300 |a 281 p. 
336 |a texto  |b txt  |2 rdacontenido 
337 |a sin mediación  |b n  |2 rdamedio 
338 |a volumen  |b nc  |2 rdasoporte 
649 |a XX 
650 |a Religión 
650 |a Estado y sociedad 
650 |a Cristianismo 
650 |a Teología 
650 |a Valores morales 
650 |a Tolerancia 
650 |a Libertad religiosa 
910 |a Fondo Centro de Estudios Educativos 
920 |a Impresos - Libros 
930 |a Fondos Especiales 
905 |a 133 
901 |a ALE020274  |b IT2  |c CEE  |u 20250521 
902 |a https://opac.biblio.iteso.mx/vufind/Record/000475232